Expertas I. Cinco voces femeninas en STEM.
Na minha lista:
| Autor Corporativo: | |
|---|---|
| Formato: | Livro |
| Publicado em: |
Osorno, Chile:
Universidad de Los Lagos,
2021.
|
| Colecção: | Expertas
|
| Assuntos: | |
| Acesso em linha: | Disponible Online - Editorial Universidad de Los Lagos |
| Tags: |
Adicionar Tag
Sem tags, seja o primeiro a adicionar uma tag!
|
MARC
| LEADER | 00000nam a22000007a 4500 | ||
|---|---|---|---|
| 003 | CL-VaPUC | ||
| 005 | 20240709154644.0 | ||
| 008 | 240708t2021 ||||| |||| 00| 0 eng d | ||
| 999 | |c 444154 |d 444152 | ||
| 020 | |a 978-956-6043-46-1 | ||
| 040 | |c Pontificia Universidad Católica de Valparaíso | ||
| 082 | 7 | |2 22 |a 378.0082 UNI 2021 | |
| 110 | |a Universidad de los Lagos, |9 578442 |b Dirección de Igualdad de Género |e autor | ||
| 245 | |a Expertas I. |b Cinco voces femeninas en STEM. | ||
| 260 | |a Osorno, Chile: |b Universidad de Los Lagos, |c 2021. | ||
| 300 | |a 94 páginas. | ||
| 490 | |a Expertas |n I. | ||
| 500 | |a c.1 Sergio Arce, Director Dirección Bibliotecas U. de Lagos. 2-7-2024 | ||
| 583 | |c 20240708 |k Catalogador Asistente | ||
| 650 | 0 | |a Mujeres en la educación |x STEM |x Biografías |x Investigadoras |9 888172 | |
| 650 | 0 | |a Mujeres intelectuales |x Ciencia |x Tecnología |x Ingeniería |x Matemáticas |9 888173 | |
| 856 | |u https://editorial.ulagos.cl/wp-content/uploads/2024/03/Expertas-I.pdf |y Disponible Online - Editorial Universidad de Los Lagos | ||
| 942 | |2 ddc |c BK |n 1 | ||
| 952 | |0 0 |1 0 |2 ddc |4 0 |6 378_008200000000000_UNI_2021 |7 0 |8 A |9 595321 |a BIBING |b BIBING |d 2024-07-08 |e Donación |h t.1 |i 5661693 |o 378.0082 UNI 2021 |p 5661693 |r 2025-01-20 |t 1 |w 2024-07-08 |y BK |k ING | ||